[Event "Leiden SB-ch 1819"]
[Site "Leiden"]
[Date "2019.04.26"]
[Round "7"]
[White "Van der Hoeven, Carsten"]
[Black "Tolenaar, Jan"]
[Result "0-1"]
[WhiteElo "1603"]
[BlackElo "2048"]
[PlyCount "62"]
[EventDate "2018.10.19"]
[EventType "swiss"]
[EventRounds "9"]
[EventCountry "NED"]
[SourceTitle "EXT 2023"]
[Source "ChessBase"]
[SourceDate "2022.10.05"]
[SourceVersion "1"]
[SourceVersionDate "2022.10.05"]
[SourceQuality "1"]

1. e4 c6 2. c4 d5 3. cxd5 cxd5 4. exd5 Nf6 5. Nf3 Nxd5 6. Nc3 e6 7. Be2 Nc6 8. 0-0 Be7 9. d4 0-0 10. Be3 b6 11. Rc1 Bb7 12. a3 Nxc3 13. Rxc3 Bf6 14. Qc2 Rc8 15. Rd1 Ne7 16. Ne5 Rxc3 17. Qxc3 Nd5 18. Qd3 Qd6 19. Ng4 Be7 20. Rd2 Rd8 21. Bd1 Nf4 22. Bxf4 Qxf4 23. Bc2 g6 24. Ne3 Bf6 25. Re2 Rxd4 26. Qb5 Qg5 27. Qe8+ Kg7 28. Qb8 Bf3 29. Re1 Be5 30. Qxa7 Bxh2+ 31. Kf1 Qb5+ 0-1

[Event "Leiden SB-ch 1819"]
[Site "Leiden"]
[Date "2019.03.22"]
[Round "6"]
[White "Salomons, Quinten"]
[Black "Van der Hoeven, Carsten"]
[Result "1-0"]
[WhiteElo "1741"]
[BlackElo "1603"]
[PlyCount "65"]
[EventDate "2018.10.19"]
[EventType "swiss"]
[EventRounds "9"]
[EventCountry "NED"]
[SourceTitle "EXT 2023"]
[Source "ChessBase"]
[SourceDate "2022.10.05"]
[SourceVersion "1"]
[SourceVersionDate "2022.10.05"]
[SourceQuality "1"]

1. d4 Nf6 2. c4 d6 3. Nf3 g6 4. g3 Bg7 5. Bg2 Bf5 6. Nc3 Nc6 7. d5 Nb4 8. Qa4+ Qd7 9. Qxb4 0-0 10. Qa4 c6 11. dxc6 bxc6 12. Nd4 Bh3 13. Bxc6 Qg4 14. Bxa8 Rxa8 15. Nf3 Bg2 16. Rg1 Bxf3 17. exf3 Qxf3 18. Qd1 Qc6 19. Qe2 Nd7 20. Nd5 Qc5 21. Be3 Qa5+ 22. Bd2 Qa4 23. Bc3 e6 24. Bxg7 exd5 25. Bc3 Nc5 26. b3 Qd7 27. 0-0-0 Re8 28. Qb2 dxc4 29. Bh8 f5 30. bxc4 Na4 31. Rxd6 Qe7 32. Qd4 Rb8 33. Rd1 1-0

[Event "Leiden SB-ch 1819"]
[Site "Leiden"]
[Date "2019.02.15"]
[Round "5"]
[White "Groenendijk, Patrick"]
[Black "Van der Hoeven, Carsten"]
[Result "0-1"]
[WhiteElo "1715"]
[BlackElo "1603"]
[PlyCount "48"]
[EventDate "2018.10.19"]
[EventType "swiss"]
[EventRounds "9"]
[EventCountry "NED"]
[SourceTitle "EXT 2023"]
[Source "ChessBase"]
[SourceDate "2022.10.05"]
[SourceVersion "1"]
[SourceVersionDate "2022.10.05"]
[SourceQuality "1"]

1. d4 d6 2. c4 Nf6 3. Nc3 g6 4. e4 Bg7 5. h3 c5 6. d5 0-0 7. Bd3 e6 8. Bg5 exd5 9. cxd5 Qa5 10. Qc2 b5 11. Bd2 b4 12. Nd1 Re8 13. Ne2 Ba6 14. f3 Nbd7 15. 0-0 Rac8 16. Bxa6 Qxa6 17. Re1 Nxd5 18. exd5 Rxe2 19. Rxe2 Qxe2 20. Rc1 Bd4+ 21. Kh1 Ne5 22. Bxb4 Qf1+ 23. Kh2 Nxf3+ 24. Kg3 Be5+ 0-1

[Event "Maastricht Limburg op-C 8th"]
[Site "Maastricht"]
[Date "2014.06.08"]
[Round "5"]
[White "Boudry, William"]
[Black "Van der Hoeven, Carsten"]
[Result "1-0"]
[WhiteElo "1610"]
[BlackElo "1366"]
[PlyCount "65"]
[EventDate "2014.06.06"]
[EventType "swiss"]
[EventRounds "7"]
[EventCountry "NED"]
[SourceTitle "EXT 2015"]
[Source "ChessBase"]
[SourceDate "2014.11.20"]
[SourceVersion "1"]
[SourceVersionDate "2014.11.20"]
[SourceQuality "1"]

1. c4 d6 2. g3 Nf6 3. Bg2 g6 4. Nc3 Bg7 5. d3 Nbd7 6. Nf3 0-0 7. 0-0 a6 8. Rb1 Rb8 9. a4 c6 10. b4 b5 11. axb5 cxb5 12. cxb5 axb5 13. Nd4 Nd5 14. Ncxb5 Bxd4 15. Nxd4 Rxb4 16. Nc6 Qb6 17. Nxb4 Nc3 18. Qb3 Nxe2+ 19. Kh1 Nd4 20. Qc4 Bb7 21. Bxb7 Qxb7+ 22. Qd5 Qa7 23. Be3 e5 24. Bxd4 exd4 25. Nc6 Qa6 26. Qxd6 Qxd3 27. Qxd7 Qf3+ 28. Kg1 d3 29. Ne5 Qf6 30. Ng4 Qf3 31. Qd4 Rc8 32. Nh6+ Kf8 33. Qh8+ 1-0